000 00774nam a22002297i 4500
003 URS
005 20241018183631.0
008 170313b xxu||||| |||| 00| 0 eng d
020 _a9710865927
040 _erda
_cURS
_bTagalog
050 1 4 _aPL6063.M52
_bM430 2005
100 _aMatute, Genoveva Edroza.,
_eauthor.
245 1 0 _aMga Dulang may isang yugto (batay sa Noli at Fili ni Dr. Jose Rizal) /
_cGenoveva Edroza Matute, Arthur P. Casanova.
264 1 _aMandaluyong City :
_bNational Book Store,
_c©2005.
300 _axxi, 154 pages ;
_c220cm.
336 _atext
_btxt
_2rdacontent
337 _aunmediated
_bn
_2rdamedia
338 _avolume
_bnc
_2rdacarrier
650 0 _aPhilippine drama (Filipino).
700 _aCasanova, Arthur P.,
_eauthor.
942 _2lcc
_cF
999 _c10221
_d10221